Ekonómia a podnikanie vedecký časopis Fakulty ekonómie a podnikania BVŠP = scientific journal of Faculty of Economy and Business the Bratislava University of Law

Guardado en:
Detalles Bibliográficos
Formato: Desconocido
Publicado: Bratislava Fakulta ekonómie a podnikania 2007
Etiquetas: Agregar Etiqueta
Sin Etiquetas, Sea el primero en etiquetar este registro!

MARC

LEADER 00000 a2200000 4500
001 0070443
005 20220729102813.9
022 |a 1337-4990 
245 1 0 |a Ekonómia a podnikanie  |b vedecký časopis Fakulty ekonómie a podnikania BVŠP = scientific journal of Faculty of Economy and Business the Bratislava University of Law 
264 1 |a Bratislava  |b Fakulta ekonómie a podnikania  |c 2007 
773 0 |w eu_un_cat*0070442 
774 0 |w eu_un_cat*0129518